000 00294nam a22001217a 4500
020 _aS0961-9534
041 _aENG
245 _aLow Temperature Conversion Of Sugar-Cane By - Products
260 _aNew Delhi
_bBIS
_c1998
300 _a162
650 _aBIS Tist Code
856 _uBIS Tist Code
999 _c2136
_d2136